000 01050nam a2200301 i 4500
001 179588
003 ES-MaACL
005 20240317063007.0
008 111223s2010 sp |||| | spa d
017 _aSE 4951-2010
_bOficina Depósito Legal Sevilla
020 _a9788496980884
040 _cES-MaACL
080 _a347.628.42(460)"04/14"
080 _a392.62(460)"04/14"
100 1 _aArias Bautista, María Teresa
_9146469
_eaut
245 1 0 _aBarraganas y concubinas en la España medieval /
_cMaría Teresa Arias Bautista.
260 _aSevilla :
_bArCiBel,
_c[2010]
300 _a158 páginas ;
_c21 cm.
490 1 _aEscritoras y escrituras
504 _aBibliografía: páginas 149-158
650 4 _aConcubinato-
_zEspaña-
_vHistoria.
_9167770
650 4 _aAdulterio-
_zEspaña-
_vHistoria.
_9167771
830 0 _aEscritoras y escrituras
_9224504
852 _aES-MaACL
_bR.146798
_cDEPO1
_dOlim: N-4821
_jA-11816
_9186485
942 _cMONOGRAFIA
_n0
999 _c179588
_d179588